Central Library OPAC University of Rajshahi

The cockroach / (Record no. 37154)

MARC details
000 -LEADER
fixed length control field 00953nam a2200277 a 4500
001 - CONTROL NUMBER
control field 37154
003 - CONTROL NUMBER IDENTIFIER
rucl marc code BD-RjUL
005 - DATE AND TIME OF LATEST TRANSACTION
control field 20211209052601.0
008 - FIXED-LENGTH DATA ELEMENTS--GENERAL INFORMATION
fixed length control field 141020m19681976enkab b 000 0 eng
020 ## - INTERNATIONAL STANDARD BOOK NUMBER
International Standard Book Number 0852271026
035 ## - SYSTEM CONTROL NUMBER
System control number (BD-RjUL)37256
040 ## - CATALOGING SOURCE
Original cataloging agency DUP:J
Language of cataloging eng
Transcribing agency DUP:J
Modifying agency DUP:J
-- BD-RjUL
041 ## - LANGUAGE CODE
Language code of text/sound track or separate title eng
082 04 - DEWEY DECIMAL CLASSIFICATION NUMBER
Classification number 595.728
Edition number 21
Author mark and year COC 1976
100 1# - MAIN ENTRY--PERSONAL NAME
Personal name Cornwell, P. B.
9 (RLIN) 113617
245 14 - TITLE STATEMENT
Title The cockroach /
Statement of responsibility, etc. [by] P. B. Cornwell.
Number of part/section of a work Volume II,
Name of part/section of a work Insecticides abd Cockroach control.
260 ## - PUBLICATION, DISTRIBUTION, ETC. (IMPRINT)
Place of publication, distribution, etc. London :
Name of publisher, distributor, etc. Hutchinson,
Date of publication, distribution, etc. 1968.[printing1976 ].
300 ## - PHYSICAL DESCRIPTION
Pagination 557 p.:
Illustrations ill., maps ;
Size 24 cm.
500 ## - GENERAL NOTE
General note Vol. 2 issued by Associated Business Programmes, London.
504 ## - BIBLIOGRAPHY, ETC. NOTE
Bibliography, etc Bibliography: v. 1, p. 349-366.
505 0# - FORMATTED CONTENTS NOTE
Formatted contents note v. 1. A laboratory insect and an industrial pest.-- v. 2. Insecticides and cockroach control.
650 #0 - SUBJECT ADDED ENTRY--TOPICAL TERM
Topical term or geographic name as entry element Cockroaches.
9 (RLIN) 113619
942 ## - ADDED ENTRY ELEMENTS (KOHA)
Source of classification or shelving scheme Dewey Decimal Classification
Koha item type Books
Holdings
Lost status Source of classification or shelving scheme Damaged status Not for loan Collection code Permanent Location Current Location Shelving location Date acquired Source of acquisition Total Checkouts Full call number Date last seen Copy number Koha item type
  Dewey Decimal Classification   Not For Loan Non-fiction Institute of Biological Sciences (IBSc) Library Institute of Biological Sciences (IBSc) Library   20/10/2014 British council   595.728 COC 1976 20/10/2014 C-1 Books